| 000 | 00415 a2200145 4500 | ||
|---|---|---|---|
| 999 |
_c3654 _d3654 |
||
| 020 | _a9781779220844 | ||
| 050 | _aPN1997.5.Z55 KIL 2009 | ||
| 100 |
_aKilalea, Rory _eeditor |
||
| 245 |
_aIn the continuum and other plays : _cRory Kilalea |
||
| 264 |
_aHarare : _bWeaver Press, _c2009 |
||
| 300 |
_av. 119 p . : _bill. |
||
| 500 | _aincludes notes | ||
| 650 | _aZimbabwean drama | ||
| 942 |
_2lcc _cBK _h1997.5.Z55 _iKIL _kPN |
||